El sexenio democrático en Albacete : (Record no. 181036)

MARC details
000 -LEADER
campo de control de longitud fija 01310nam a2200325 i 4500
001 - NÚMERO DE CONTROL
campo de control 181036
003 - IDENTIFICADOR DE NÚMERO DE CONTROL
campo de control ES-MaACL
005 - FECHA Y HORA DE LA ÚLTIMA TRANSACCIÓN
campo de control 20250603164556.0
008 - DATOS DE LONGITUD FIJA--INFORMACIÓN GENERAL
campo de control de longitud fija 121005s2011 sp a | |||||||| | spa d
020 ## - NÚMERO INTERNACIONAL ESTÁNDAR DEL LIBRO
Número Internacional Estándar del Libro 978-84-96800-42-7
080 ## - NÚMERO DE LA CLASIFICACIÓN DECIMAL UNIVERSAL
Número de la Clasificación Decimal Universal 94(460)"1868/74"
080 ## - NÚMERO DE LA CLASIFICACIÓN DECIMAL UNIVERSAL
Número de la Clasificación Decimal Universal 94(460.288)"18"
080 ## - NÚMERO DE LA CLASIFICACIÓN DECIMAL UNIVERSAL
Número de la Clasificación Decimal Universal 324(460.288)"18"
080 ## - NÚMERO DE LA CLASIFICACIÓN DECIMAL UNIVERSAL
Número de la Clasificación Decimal Universal 352(460.288)"18"
100 1# - ENTRADA PRINCIPAL--NOMBRE DE PERSONA
Nombre de persona Jerez Colino, José.
9 (RLIN) 151554
245 13 - MENCIÓN DEL TÍTULO
Título El sexenio democrático en Albacete :
Resto del título juntas y procesos electorales (1868-1873) /
Mención de responsabilidad, etc. José Jerez Colino.
260 ## - PUBLICACIÓN, DISTRIBUCIÓN, ETC.
Lugar de publicación, distribución, etc. Albacete :
Nombre del editor, distribuidor, etc. Instituto de Estudios Albacetenses "Don Juan Manuel" de la Excma. Diputación de Albacete,
Fecha de publicación, distribución, etc. 2011.
300 ## - DESCRIPCIÓN FÍSICA
Extensión 459 p. :
Otras características físicas il., plano ;
Dimensiones 24 cm.
490 1# - MENCIÓN DE SERIE
Mención de serie Serie I-Estudios ;
Designación de volumen o secuencia n. 191
504 ## - NOTA DE BIBLIOGRAFÍA, ETC.
Nota de bibliografía, etc. Bibliografía: p. 443-459.
650 #4 - PUNTO DE ACCESO ADICIONAL DE MATERIA--TÉRMINO DE MATERIA
Término de materia o nombre geográfico como elemento de entrada Elecciones-
Subdivisión geográfica Albacete (Provincia)-
Subdivisión de forma Historia.
9 (RLIN) 151555
650 #4 - PUNTO DE ACCESO ADICIONAL DE MATERIA--TÉRMINO DE MATERIA
Término de materia o nombre geográfico como elemento de entrada Administración municipal-
Subdivisión geográfica Albacete (Provincia)-
Subdivisión de forma Historia.
9 (RLIN) 151556
651 #4 - PUNTO DE ACCESO ADICIONAL DE MATERIA--NOMBRE GEOGRÁFICO
Nombre geográfico España-
Subdivisión general Historia-
Subdivisión cronológica 1868-1874, Sexenio revolucionario
9 (RLIN) 8260
651 #4 - PUNTO DE ACCESO ADICIONAL DE MATERIA--NOMBRE GEOGRÁFICO
Nombre geográfico Albacete (Provincia)-
Subdivisión general Historia-
Subdivisión cronológica S.XIX.
9 (RLIN) 151557
830 0# - PUNTO DE ACCESO ADICIONAL DE SERIE-TÍTULO UNIFORME
Título uniforme Serie I-Estudios ;
Designación de volumen o secuencia n. 191
9 (RLIN) 179228
852 ## - LOCALIZACIÓN
Ubicación ES-MaACL
Número de control de estantería A-12250
itemnumber 187919
Sublocalización o colección R.146650
Ubicación en estantería Depósito 1
Signatura antigua Olim: N-5255
942 ## - ELEMENTOS DE ENTRADA SECUNDARIOS (KOHA)
Fuente del sistema de clasificación o colocación Clasificación decimal universal
Tipo de ítem Koha Libro impreso
Holdings
Estatus retirado Estado de pérdida Fuente del sistema de clasificación o colocación Estado de daño No para préstamo Biblioteca de origen Biblioteca actual Ubicación en estantería Fecha de adquisición Fuente de adquisición Total de préstamos Signatura topográfica completa Código de barras Visto por última vez Precio de reemplazo Tipo de ítem Koha
    Clasificación decimal universal     Biblioteca del Ateneo de Madrid Biblioteca del Ateneo de Madrid Depósito 1 05/10/2012 Donación   A-12250 1190246 23/02/2023 23/02/2023 Libro impreso